Software engineering / (Record no. 2334)

000 -LEADER
fixed length control field 02108cam a22003137i 4500
001 - CONTROL NUMBER
control field 18750807
003 - CONTROL NUMBER IDENTIFIER
control field OSt
005 - DATE AND TIME OF LATEST TRANSACTION
control field 20160711132102.0
008 - FIXED-LENGTH DATA ELEMENTS--GENERAL INFORMATION
fixed length control field 150819s2016 maua b 001 0 eng d
010 ## - LIBRARY OF CONGRESS CONTROL NUMBER
LC control number 2015458056
020 ## - INTERNATIONAL STANDARD BOOK NUMBER
International Standard Book Number 9781292096131
035 ## - SYSTEM CONTROL NUMBER
System control number (OCoLC)ocn907941065
040 ## - CATALOGING SOURCE
Original cataloging agency YDXCP
Language of cataloging eng
Description conventions rda
Transcribing agency YDXCP
Modifying agency OCLCQ
-- HF9
-- OCLCO
-- CDX
-- UAB
-- DLC
042 ## - AUTHENTICATION CODE
Authentication code lccopycat
050 00 - LIBRARY OF CONGRESS CALL NUMBER
Classification number QA76.758.S657 2016
082 04 - DEWEY DECIMAL CLASSIFICATION NUMBER
Classification number 005.1
Edition number 23
100 1# - MAIN ENTRY--PERSONAL NAME
Personal name Sommerville, Ian,
Dates associated with a name 1951-
245 10 - TITLE STATEMENT
Title Software engineering /
Statement of responsibility, etc Ian Sommerville.
250 ## - EDITION STATEMENT
Edition statement Tenth edition.
260 ## - PUBLICATION, DISTRIBUTION, ETC. (IMPRINT)
Place of publication, distribution, etc Boston
Name of publisher, distributor, etc Pearson Education
Date of publication, distribution, etc 2016
300 ## - PHYSICAL DESCRIPTION
Extent xiv, 796 pages :
Other physical details illustrations ;
Dimensions 24 cm
504 ## - BIBLIOGRAPHY, ETC. NOTE
Bibliography, etc Includes bibliographical references and indexes.
505 0# - FORMATTED CONTENTS NOTE
Formatted contents note lntroduction to software engineering -- Dependability and security -- Advanced software engineering -- Software management.
520 ## - SUMMARY, ETC.
Summary, etc For courses in computer science and software engineering The Fundamental Practice of Software Engineering Software Engineering introduces readers to the overwhelmingly important subject of software programming and development. In the past few years, computer systems have come to dominate not just our technological growth, but the foundations of our world's major industries. This text seeks to lay out the fundamental concepts of this huge and continually growing subject area in a clear and comprehensive manner. The Tenth Edition contains new information that highlights various technological updates of recent years, providing readers with highly relevant and current information. Sommerville's experience in system dependability and systems engineering guides the text through a traditional plan-based approach that incorporates some novel agile methods. The text strives to teach the innovators of tomorrow how to create software that will make our world a better, safer, and more advanced place to live. -- Provided by publisher.
650 #0 - SUBJECT ADDED ENTRY--TOPICAL TERM
Topical term or geographic name as entry element Software engineering.
906 ## - LOCAL DATA ELEMENT F, LDF (RLIN)
a 7
b cbc
c copycat
d 3
e ncip
f 20
g y-gencatlg
942 ## - ADDED ENTRY ELEMENTS (KOHA)
Source of classification or shelving scheme
Koha item type Book
Holdings
Withdrawn status Lost status Source of classification or shelving scheme Damaged status Not for loan Home library Current library Shelving location Date acquired Total Checkouts Full call number Barcode Date last seen Date checked out Copy number Price effective from Koha item type Total Renewals
          Riara University Library Riara University Library General stack 11/07/2016 4 QA76.758.S657 2016 7515/16 12/11/2021 07/10/2021 C.1 11/07/2016 Book  
          Riara University Library Riara University Library General stack 11/07/2016 2 QA76.758.S657 2016 7529/16 07/06/2021 20/05/2021 C.2 11/07/2016 Book 1

Riara University Library,
P.O. Box 49940-00100,
Nairobi, Kenya.